Countries by Highest Point - Statistics

General Stats
  • This quiz has been taken 54 times
    42 since last reset
  • The average score is 17 of 20
Answer Stats
Hint Answer % Correct
8,848m Nepal
100%
8,848m China
97%
6,893m Chile
95%
6,960m Argentina
92%
7,570m Bhutan
92%
8,611m Pakistan
92%
6,768m Peru
92%
6,194m USA
92%
5,959m Canada
90%
5,642m Russia
90%
6,542m Bolivia
87%
7,492m Afghanistan
85%
6,267m Ecuador
85%
7,495m Tajikistan
85%
5,892m Tanzania
85%
5,700m Colombia
82%
7,010m Kazakhstan
79%
5,636m Mexico
77%
7,439m Kyrgyzstan
74%
5,881m Myanmar
56%
No matching quizzes found
Score Distribution
Percent of People with Each Score
Percentile by Number Answered
Your Score History
You have not taken this quiz since the last reset